000
00290nam a22001217a 4500
008
260424b |||||||| |||| 00| 0 eng d
082
_a
001343
100
_a
Sharma, Prameshwaranand
245
_a
Kavya Deepika
260
_a
Delhi
_b
Motilal Banarasidass
_c
2017
300
_a
232p
942
_2
ddc
999
_c
1327
_d
1327